000
00397nam a2200133Ia 4500
008
100328s9999 xx 000 0 und d
082
_b
64297
100
_a
भोगले प्रभाकर.
245
_a
इरसाल गजाली.
260
_b
वसंतश्री.
630
_a
इरसाल गजाली.
730
_a
इरसाल गजाली.
942
_c
BOOK
999
_c
550095
_d
550092